000 00317nam a22001337a 4500
008 170526b xxu||||| |||| 00| 0 eng d
020 _a9780198564393
041 _aeng
080 _a621
100 _a25
101 _aIM
245 _aVECTOR CONTROL AND DYNAMICS OF AC DRIVES
_cNOVOTNY.D.W
942 _2udc
_cBK
999 _c14324
_d14324